Fearles Flynn and other tales /

Guardado en:
Formato: Libro
Idioma:Undetermined
Publicado: 2015.
Materias:
Etiquetas: Agregar Etiqueta
Sin Etiquetas, Sea el primero en etiquetar este registro!
LEADER 00355nam a22001335a 4500
001 CEM.cems018808
008 211018s2015####xx############000#0#und#d
005 20211018165552.0
003 CEMS
245 1 0 |a Fearles Flynn and other tales /  |c Gillian Shields. 
260 |c 2015. 
653 |a Texto Inglés 
653 |a Caja Inglés 2 
859 |a CEMS  |b BIB. CEMS - 11 de abril  |p SSR-76